000 00606nam a2200217Ia 4500
005 20250326144506.0
008 250326s9999 xx 000 0 und d
020 _a978-0-470-14692-7
037 _aTextbook
040 _aFMSL
_beng
_cFMSL
041 _aeng
_2eng
084 _aX:74 P8
_qFMSL
100 _aFairley S G
_9749758
245 0 _aBusiness coaching toolkit
_cFairley S G; Zipp B
260 _aNew Jersey
_bNew Jersey, John Wiley
_c2007
300 _axxv,230
365 _b1942.8
650 _aBusiness Management
_9441996
942 _cTB
_hX:74 P8
999 _c1303906
_d1303906